|
|
|
|
| LEADER |
00678cam a2200229ua 4500 |
| 008 |
070618t2006||||||||||| 001 ||eng c |
| 020 |
|
|
|a 81-8420-047-1
|
| 041 |
0 |
|
|a eng
|
| 082 |
|
|
|a 306.0954
|b RKP/C
|
| 100 |
0 |
|
|a R. K. Panchal,
|
| 245 |
0 |
0 |
|a Culture and civilization if India /
|
| 250 |
|
|
|a 1st ed.
|
| 260 |
|
|
|a New Delhi:
|b Sumit,
|c 2006.
|
| 300 |
|
|
|a 330p..
|
| 362 |
1 |
|
|a 2006.
|
| 365 |
|
|
|a Rs 900/-
|e hb
|
| 500 |
|
|
|a Includes index.
|
| 650 |
|
|
|a Indian culture
|
| 650 |
0 |
|
|a Indian tradition
|
| 942 |
|
|
|c BK
|
| 999 |
|
|
|c 14909
|d 14909
|
| 952 |
|
|
|0 0
|1 0
|4 0
|6 306_095400000000000_RKP
|7 0
|9 15552
|a KUCL
|b KUCL
|d 2014-05-23
|l 1
|o 306.0954 RKP/
|p 17258
|r 2015-07-27
|s 2015-06-20
|w 2014-05-23
|y BK
|